00447nam a2200121Ia 4500008004100000100001400041245009100055245007300146260000900219300002900228440004500257650002300302171207s9999 xx 000 0 und d aYan, Meng aAutomated change-prone class prediction on unlabeled dataset using unsupervised method cMeng Yan, Xiaohong Zhang, Chao Liu, Ling Xu, Mengning Yang, Dan Yang c2017 apages 42751, August 2017 aInformation and Software Technologyv92: aSOFTWARE TECHNLOGY